000 00373nam a2200145Ia 4500
008 230917s9999||||xx |||||||||||||| ||und||
040 _e147445
_aMAIN
041 _aEnglish
082 _a301.240954 Y75S
100 _aSingh, Yogendra
245 0 _aSociety change in India: Crisis and resilience
260 _aNew Delhi
_bHar-Anand
_c1993
300 _a246 p.
942 _cBK
999 _c84365
_d84365